Луч. Г.10 1889, №44 (Запись № 2742155)
[ простой вид ]
| 000 -МАРКЕР | |
|---|---|
| контрольное поле | 01380nam2a22002771 4500 |
| 001 - ИДЕНТИФИКАТОР ЗАПИСИ | |
| контрольное поле | RU\NLR\INFOCOMM15\1000119030 |
| 005 - ИДЕНТИФИКАТОР ВЕРСИИ | |
| контрольное поле | 20250617062131.0 |
| 035 ## - ДРУГИЕ СИСТЕМНЫЕ НОМЕРА | |
| Идентификатор записи | (NLR Aleph) 002518412 |
| 100 ## - ДАННЫЕ ОБЩЕЙ ОБРАБОТКИ | |
| Данные общей обработки | 20040414d1889 |||y0rusy50 ca |
| 101 0# - ЯЗЫК РЕСУРСА | |
| Язык текста, звукозаписи и т.д. | русский |
| 102 ## - СТРАНА ПУБЛИКАЦИИ ИЛИ ПРОИЗВОДСТВА | |
| Страна публикации | Российская Федерация |
| 105 ## - ПОЛЕ КОДИРОВАННЫХ ДАННЫХ: ТЕКСТОВЫЕ МАТЕРИАЛЫ, МОНОГРАФИЧЕСКИЕ | |
| Кодированные данные о монографическом текстовом документе | y ||||||||| |
| 200 0# - ЗАГЛАВИЕ И СВЕДЕНИЯ ОБ ОТВЕТСТВЕННОСТИ | |
| Основное заглавие | Г.10 1889, №44 |
| 210 ## - ПУБЛИКАЦИЯ, РАСПРОСТРАНЕНИЕ И ДР. | |
| Дата издания, распространения и т.д. | 1889 |
| Место издания, распространения и т.д. | Б. м. |
| 300 ## - ОБЩИЕ ПРИМЕЧАНИЯ | |
| Текст примечания | Также м/ф |
| 421 #1 - ПРИЛОЖЕНИЕ | |
| Встроенное поле | 2001#$aГолубые глаза. [Ноты]$fДрейер А.К.фон |
| -- | 700#1$aДрейер$bА.К.фон |
| -- | 210##$aСПб.$d1889 [ценз.] |
| -- | 300##$aТакже м/ф |
| -- | 309##$aПрипл. |
| Заглавие | Голубые глаза. [Ноты] |
| Автор | Дрейер, А.К.фон |
| 421 #1 - ПРИЛОЖЕНИЕ | |
| Встроенное поле | 2001#$aSimple aven. [Ноты]$fThomé F. |
| -- | 700#1$aThomé$bF. |
| -- | 210##$a[СПб.$d1889] |
| -- | 300##$aТакже м/ф |
| -- | 309##$aПрипл. |
| Заглавие | Simple aven. [Ноты] |
| Автор | Thomé, F. |
| 461 #0 - УРОВЕНЬ НАБОРА | |
| Встроенное поле | 001RU\NLR\INFOCOMM15\1000118524 |
| -- | 2001#$aЛуч$eЖурн. политики, литературы и обществ. жизни$vГ.10 1889, №44 |
| Системный номер (АБИС) связанной записи | 2742086 |
| Место публикации | СПб. |
| Дата публикации | 1880-1896 |
| Имя издателя, распространителя и т.д. | И.Н.Румянцев и П.Я.Бугайский |
| Сведения, относящиеся к заглавию | Журн. политики, литературы и обществ. жизни |
| Заглавие | Луч |
| Номер тома | Г.10 1889, №44 |
| 801 #1 - ИСТОЧНИК ЗАПИСИ | |
| Страна | Российская Федерация |
| Организация | InfoComm |
| Дата составления | 20040414 |
| 801 #0 - ИСТОЧНИК ЗАПИСИ | |
| Страна | Российская Федерация |
| Организация | NLR |
| Правила каталогизации | PSBO |
| 852 ## - МЕСТОНАХОЖДЕНИЕ И ШИФР ХРАНЕНИЯ | |
| Идентификатор организации | NLR |
| Шифр хранения (Call Number) | 1/246низ |
| 942 ## - ДОПОЛНИТЕЛЬНЫЕ ЭЛЕМЕНТЫ ЗАПИСИ (АБИС) | |
| Тип экземпляра АБИС | Выпуск |
| 980 ## - КОЛЛЕКЦИЯ | |
| Название коллекции | Национальная библиография |
| 980 ## - КОЛЛЕКЦИЯ | |
| Название коллекции | Русская периодика |
Нет доступных экземпляров.